000 00219 a2200097 4500
001 14827
100 _aSprigge, C.
245 _aThe development of modern Italy
260 _aLondon
_bDuckworth
_c
090 _c11598
_d11598
942 _aNUST-CAE
_cM
_c1778
999 _c249900
_d249900